Score 0/50 Timer 11:00
2 Plays Today
% Correct
Cloud Strife (FFVII)
83.3%
Sephiroth (FFVII)
82%
Tifa Lockhart (FFVII)
81.6%
Yuna (FFX)
79.9%
Tidus (FFX)
78.9%
Aeris Gainsborough (FFVII)
78.6%
Squall Leonhart (FFVIII)
78.2%
Vincent Valentine (FFVII)
77%
Lightning (FFXIII)
74.7%
Zidane Tribal (FFIX)
74.3%
Vivi Ornitier (FFIX)
74.1%
Barret Wallace (FFVII)
73.3%
Rikku (FFX)
70.9%
Auron (FFX)
69.5%
Cait Sith (FFVII)
69.2%
Snow Villiers (FFXIII)
65.4%
Vaan (FFXII)
65.1%
Kefka Palazzo (FFVI)
64.1%
Rinoa Heartilly (FFVIII)
63.4%
Jecht (FFX)
62.6%
Terra Branford (FFVI)
59.8%
Seifer Almasy (FFVIII)
59.1%
Oerba Dia Vanille (FFXIII)
58.3%
Laguna Loire (FFVIII)
58.2%
Kain Highwind (FFIV)
56.2%
% Correct
Cecil Harvey (FFIV)
54.6%
Balthier Bunansa (FFXII)
52.9%
Fran (FFXII)
52.9%
Gilgamesh (FFV)
52.6%
Ultimecia (FFVIII)
51.9%
Shadow (FFVI)
51.3%
Kuja (FFIX)
50.6%
Rosa Farrell (FFIV)
50.5%
Sazh Katzroy (FFXIII)
50.2%
Onion Knight (FFII)
49.5%
Rydia (FFIV)
49.5%
Locke Cole (FFVI)
48.1%
Garland (FFI)
45.7%
Bartz Klauser (FFV)
44.2%
Edgar Figaro (FFVI)
43.3%
Golbez (FFIV)
42.9%
Hero of Light (FFI)
40%
Celes Chere (FFVI)
39.8%
Edge (FFIV)
37.9%
Luneth (FFIII)
29.1%
Maria (FFII)
28.6%
Firion (FFII)
28.1%
Guy (FFII)
26.7%
Refia (FFIII)
22.6%
Lenna Charlotte Tycoon (FFV)
20.7%
Remove Ads.
Support Sporcle.
Get the best of Sporcle when you Go Orange. This ad-free experience offers more features, more stats, and more fun while also helping to support Sporcle. Thank you for becoming a member.

You're not logged in!

Compare scores with friends on all Sporcle quizzes.
OR
Log In

Show Comments

Extras

Top Quizzes Today


Score Distribution

Your Account Isn't Verified!

In order to create a playlist on Sporcle, you need to verify the email address you used during registration. Go to your Sporcle Settings to finish the process.

Report this User

Report this user for behavior that violates our Community Guidelines.

Details: